Представление документа в формате MARC21

Поле Инд. ПП Название Значение
Тип записи a
Библиографический уровень b
001 Контрольный номер RU/IS/BASE/105464139
005 Дата корректировки 20200528185503.6
084 a Индекс другой классификации/Индекс ББК 60.561.51в6; 60.524.224.5; 60.562.6; 82.3(2Рос)6-433.5
100 1_ a Автор Лебедь О. Л.
245 10 a Заглавие О чем расскажет частушка?
b Продолж. заглавия (опыт социологического анализа телевизионных программ на примере "Эх, Семеновна!")
504 a Библиография Библиогр.: с. 181
520 0_ a Аннотация Цель проведенного исследования - проследить, как (содержательно и эмоционально) представлены семейные ценности в материалах средств массовой информации. Сравнительный анализ массивов частушек современности и частушек периода господства традиционной многодетной семьи (начала XX века)
650 04 a Основная рубрика социология
a Основная рубрика социология литературы
a Основная рубрика социология семьи
a Основная рубрика филологические науки
a Основная рубрика фольклор
653 0_ a Ключевые слова методы социологических исследований
a Ключевые слова образ семьи
a Ключевые слова Россия
a Ключевые слова русская литература
a Ключевые слова семейные отношения
a Ключевые слова семейные ценности
a Ключевые слова семейный кризис
a Ключевые слова социальная коммуникация
a Ключевые слова фольклорные источники
a Ключевые слова частушки
a Ключевые слова русский фольклор
773 18 t Заглавие источника Вестник Московского университета. Серия 18, Социология и политология
d Дата издания источника 2003
g Прочая информация № 1. - С. 170 - 181 : табл.
w Контрольный № источника RU/IS/BASE/103733045
901 t Тип документа b